000 01062nam a22002297a 4500
999 _c64089
_d64089
003 Ge_BSU
005 20260327125516.0
008 260327s2002 ge ||||| |||| 00| 0 geo d
020 _a9992843462
041 _ageo
080 _a339.13 ც-60
100 _aციკოლია, იური
_915724
245 _aსაბაზრო ეკონომიკა :
_b(ბიზნესი, მარკეტინგი, მენეჯმენტი, ეკონომიკა, ორგანიზაცია, მართვა) /
_cიური ციკოლია; რედ. ი, სიხარულიძე.
264 _aბათუმი :
_bალიონი,
_c2002.
300 _a44 გვ.;
_b20 სმ.
504 _aბიბლიოგრ. გვ. 41-42
653 _aბიზნესი
653 _aმარკეტინგი
653 _aორგანიზაცია, მართვა
700 _aსიხარულიძე, ი.
_eრედაქტორი
_927223
942 _2udc
_cᲬᲘᲒᲜᲘ